000 02387cam a22002294a 4500
005 20250605164059.0
008 250528s ||||||||||||||||||||||||d
035 _a17568
020 _a9789602187203
040 _aGR-AtMCL
_bgre
_dGR-AtMCL
_eAACR2
245 1 _aΗθική και Εκπαίδευση / Διλήμματα και Προοπτικές
250 _a
260 _bΚριτική - Επιστημονική Βιβλιοθήκη,
_c2010
300 _a360
520 _aΟ συλλογικός αυτός τόμος συνιστά μια απόπειρα εμπλουτισμού της συζήτησης πάνω σε ζητήματα ηθικής αγωγής στην εκπαίδευση. Πρόλογος, Εισαγωγή, Θεωρητικές Διαστάσεις της Ηθικής στην Εκπαίδευση, Φιλοσοφία και Ηθική και Εκπαίδευση, Πολιτική και Ηθική των Συναισθημάτων και η Εκπαίδευση για την Κοινωνική Δικαιοσύνη, Παιδεία και Εκπαίδευση και Ηθική της Χειραφέτησης και Δημοκρατική Πλειονότητα, Ηθικά Διλήμματα στο Κυβερνοχώρο: Ασύμμετρη Ελευθερία και το Αίτημα Θεμελίωσης μιας Παιδαγωγικής της Ηθικής Υπευθυνότητας, Why Should an Educator be Sincere?, Εφαρμοσμένη Ηθική και Εκπαίδευση, Μαθαίνοντας τα Παιδιά να είναι Ηθικά, Ηθική Ανάπτυξη στο Νηπιαγωγείο και Αναπτυξιακά Κατάλληλες Πρακτικές, Προοπτικές και Ηθικοί Προβληματισμοί για την Εφαρμογή Πολιτικής ''Ίσων Ευκαιριών'' σε Άτομα με και Χωρίς Ειδικές Ανάγκες, Η Περιβαλλοντική Ηθική στο Νηπιαγωγείο, Αναλυτικά Προγράμματα και Ηθική Εκπαίδευση: Μια Μετανεωτερική Πρόκληση.
700 1 _aΖεμπυλας Μιχαλίνος
_93725
700 1 _aΠετρού Αλέξιος
_93726
700 1 _aΣακελλαρίου Μαρία
_93727
942 _cBK
999 _c2972
_d2972